Statistiche per Seleziona la casella - Bandiere del mondo

Clicka qui per fare il quiz!

Statistiche generali

  • Questo quiz è stato fatto 2.194 volte
  • Il punteggio medio è 87 su 125

Statistiche sulle risposte

DomandaCasellaSelect% Corretto
dei paesi con più di 100 milioni di cittadini
98%
dei paesi con più di 100 milioni di cittadiniNo
98%
dei paesi con più di 100 milioni di cittadiniNo
97%
dei paesi con più di 100 milioni di cittadiniNo
97%
dei paesi con più di 100 milioni di cittadiniNo
96%
dei paesi con più di 100 milioni di cittadiniNo
95%
dei paesi con più di 100 milioni di cittadini
93%
dei paesi con più di 100 milioni di cittadiniNo
93%
dei paesi con più di 100 milioni di cittadiniNo
92%
dei paesi con più di 100 milioni di cittadiniNo
90%
dei paesi con più di 100 milioni di cittadiniNo
88%
delle nazioni composte da isoleNo
87%
dei paesi con 8 o più confini terrestriNo
87%
dei paesi con 8 o più confini terrestriNo
86%
dei paesi con 8 o più confini terrestriNo
86%
dei paesi con 8 o più confini terrestriNo
86%
dei paesi con 8 o più confini terrestriNo
86%
delle nazioni composte da isoleNo
86%
delle nazioni composte da isoleNo
86%
delle nazioni composte da isoleNo
86%
delle nazioni composte da isoleNo
85%
dei paesi con 8 o più confini terrestriNo
85%
delle nazioni composte da isoleNo
84%
dei paesi con 8 o più confini terrestriNo
84%
dei paesi con 8 o più confini terrestriNo
84%
dei paesi con 8 o più confini terrestriNo
84%
delle nazioni composte da isoleNo
84%
dei paesi con 8 o più confini terrestriNo
84%
dei paesi con 8 o più confini terrestriNo
83%
delle nazioni composte da isoleNo
83%
delle nazioni composte da isoleNo
83%
delle nazioni composte da isoleNo
83%
dei paesi con più di 100 milioni di cittadiniNo
83%
delle nazioni composte da isoleNo
82%
dei paesi situati a sud dell'equatore (escl. territori dipendenti)No
82%
delle nazioni composte da isoleNo
82%
dei paesi con più di 100 milioni di cittadiniNo
82%
dei paesi con più di 100 milioni di cittadiniNo
82%
dei paesi con 8 o più confini terrestriNo
81%
dei paesi situati a sud dell'equatore (escl. territori dipendenti)No
81%
dei paesi situati a sud dell'equatore (escl. territori dipendenti)No
81%
dei paesi situati a sud dell'equatore (escl. territori dipendenti)No
81%
dei paesi situati a sud dell'equatore (escl. territori dipendenti)No
81%
dei paesi situati a sud dell'equatore (escl. territori dipendenti)No
81%
dei paesi con 8 o più confini terrestriNo
81%
dei paesi situati a sud dell'equatore (escl. territori dipendenti)No
81%
dei paesi situati a sud dell'equatore (escl. territori dipendenti)No
81%
dei paesi situati a sud dell'equatore (escl. territori dipendenti)No
80%
dei paesi situati a sud dell'equatore (escl. territori dipendenti)No
80%
delle nazioni composte da isoleNo
80%
dei paesi con 8 o più confini terrestriNo
80%
dei paesi che toccano l'Atlantico (compresi i mari collegati)No
80%
dei paesi con più di 100 milioni di cittadini
79%
dei paesi situati a sud dell'equatore (escl. territori dipendenti)No
79%
dei paesi che toccano l'Atlantico (compresi i mari collegati)No
78%
dei paesi che toccano l'Atlantico (compresi i mari collegati)No
78%
dei paesi con più di 100 milioni di cittadiniNo
78%
dei paesi che toccano l'Atlantico (compresi i mari collegati)No
77%
dei paesi che toccano l'Atlantico (compresi i mari collegati)No
77%
dei paesi che toccano l'Atlantico (compresi i mari collegati)No
77%
delle nazioni composte da isoleNo
77%
dei paesi che toccano l'Atlantico (compresi i mari collegati)No
77%
dei paesi con 8 o più confini terrestriNo
77%
dei paesi situati a sud dell'equatore (escl. territori dipendenti)No
77%
delle nazioni composte da isoleNo
77%
delle nazioni composte da isoleNo
76%
delle nazioni composte da isoleNo
76%
dei paesi con più di 100 milioni di cittadiniNo
76%
dei paesi con più di 100 milioni di cittadini
76%
dei paesi con più di 100 milioni di cittadini
75%
dei paesi situati a sud dell'equatore (escl. territori dipendenti)No
75%
dei paesi che toccano l'Atlantico (compresi i mari collegati)
75%
dei paesi con 8 o più confini terrestriNo
74%
delle nazioni composte da isole
74%
delle nazioni composte da isoleNo
73%
dei paesi con 8 o più confini terrestri
71%
delle nazioni composte da isoleNo
71%
dei paesi con più di 100 milioni di cittadiniNo
70%
delle nazioni composte da isole
69%
dei paesi situati a sud dell'equatore (escl. territori dipendenti)
68%
dei paesi situati a sud dell'equatore (escl. territori dipendenti)
67%
dei paesi che toccano l'Atlantico (compresi i mari collegati)
67%
dei paesi situati a sud dell'equatore (escl. territori dipendenti)No
66%
dei paesi con 8 o più confini terrestriNo
65%
dei paesi situati a sud dell'equatore (escl. territori dipendenti)No
65%
dei paesi con 8 o più confini terrestri
65%
dei paesi situati a sud dell'equatore (escl. territori dipendenti)
64%
delle nazioni composte da isole
64%
dei paesi che toccano l'Atlantico (compresi i mari collegati)
64%
dei paesi con più di 100 milioni di cittadiniNo
63%
dei paesi che toccano l'Atlantico (compresi i mari collegati)
63%
dei paesi che toccano l'Atlantico (compresi i mari collegati)
62%
dei paesi che toccano l'Atlantico (compresi i mari collegati)
60%
dei paesi che toccano l'Atlantico (compresi i mari collegati)
59%
delle nazioni composte da isole
59%
dei paesi situati a sud dell'equatore (escl. territori dipendenti)
58%
delle nazioni composte da isole
58%
dei paesi con 8 o più confini terrestriNo
57%
dei paesi situati a sud dell'equatore (escl. territori dipendenti)No
57%
dei paesi con più di 100 milioni di cittadini
56%
dei paesi che toccano l'Atlantico (compresi i mari collegati)
55%
dei paesi situati a sud dell'equatore (escl. territori dipendenti)
54%
delle nazioni composte da isole
52%
dei paesi con 8 o più confini terrestri
52%
dei paesi situati a sud dell'equatore (escl. territori dipendenti)No
51%
dei paesi con 8 o più confini terrestri
51%
dei paesi con più di 100 milioni di cittadini
50%
dei paesi situati a sud dell'equatore (escl. territori dipendenti)
49%
dei paesi che toccano l'Atlantico (compresi i mari collegati)
47%
dei paesi che toccano l'Atlantico (compresi i mari collegati)
42%
dei paesi che toccano l'Atlantico (compresi i mari collegati)
39%
dei paesi con più di 100 milioni di cittadini
39%
dei paesi che toccano l'Atlantico (compresi i mari collegati)
36%
dei paesi che toccano l'Atlantico (compresi i mari collegati)
35%
dei paesi che toccano l'Atlantico (compresi i mari collegati)
35%
dei paesi situati a sud dell'equatore (escl. territori dipendenti)
34%
dei paesi con 8 o più confini terrestri
34%
dei paesi che toccano l'Atlantico (compresi i mari collegati)
31%
dei paesi che toccano l'Atlantico (compresi i mari collegati)
29%
dei paesi che toccano l'Atlantico (compresi i mari collegati)
29%
dei paesi che toccano l'Atlantico (compresi i mari collegati)
27%
dei paesi con 8 o più confini terrestri
25%
dei paesi con più di 100 milioni di cittadini
25%
dei paesi con 8 o più confini terrestri
19%
dei paesi situati a sud dell'equatore (escl. territori dipendenti)
4%

Distribuzione punteggi

Percentile per numero di risposta

Percentuale di utenti per punteggio

I tuoi punteggi nel tempo

Non hai fatto questo quiz